banner koha

Grupo de auxílio mútuo para pessoas separadas e divorciadas / (Registro n. 207669)

MARC details
000 -LÍDER
Campo de controle fixo 00749nam a22002657a 4500
001 - NÚMERO DE CONTROLE
Número de controle BS2023000520
003 - CÓDIGO MARC DA AGÊNCIA CATALOGADORA
Campo de controle BR-BrBNA
005 - DATA E HORA DA ÚLTIMA ATUALIZAÇÃO
Campo de controle 20231205114430.0
008 - CAMPO DE TAMANHO FIXO
Campo fixo de controle 231205b bl.||||| |||| 00| 0 por d
020 ## - ISBN - INTERNATIONAL STANDARD BOOK NUMBER
ISBN 85-7200-263-4
040 ## - FONTE DA CATALOGAÇÃO
Agência catalogadora BR-BrBNA
Idioma da catalogação por
041 ## - CÓDIGO DO IDIOMA
Código do Idioma por
072 ## - CATEGORIA DE CLASSIFICAÇÃO
Código da categoria de assunto E11
100 ## - ENTRADA PRINCIPAL - NOME PESSOAL
Código de relação aut.
Nome pessoal Monbourquette, Jean
245 ## - TÍTULO PRINCIPAL
Título principal Grupo de auxílio mútuo para pessoas separadas e divorciadas /
Subtítulo como organizá-lo e dirigi-lo
Indicação de responsabilidade Jean Monbourquette
260 ## - IMPRENTA (PUBLICAÇÃO, DISTRIBUIÇÃO, ETC.)
Lugar de publicação, distribuição, etc. Aparecida, SP
Nome do editor, distribuidor, etc. Editora Santuário
Data de publicação, distribuição, etc 1995
300 ## - DESCRIÇÃO FÍSICA
Extensão 92 p.
650 ## - ASSUNTO
Cabeçalho tópico ou nome geográfico AUTOAJUDA
650 ## - ASSUNTO
Cabeçalho tópico ou nome geográfico DIVORCIADOS
650 ## - ASSUNTO
Cabeçalho tópico ou nome geográfico GRUPOS DE AUXÍLIO MÚTUO
650 ## - ASSUNTO
Cabeçalho tópico ou nome geográfico SEPARAÇÃO
909 ## - IDENTIFICAÇÃO DO CATALOGADOR
Ano e mês da catalogação (aaaamm) 202312
Identificação do catalogador Ana Lívia
942 ## - TIPO ESPECÍFICO
Tipo de material Livros
Exemplares
Status de empréstimo Fonte de classificação Status de danificação Não pode ser emprestado Localização permanente Localização atual Total Checkouts Número de chamada Código de barras Date last seen Tipo de material Perdido Data de aquisição Fonte de aquisição Qualificador de localização codificada Preço Número de inventário Preço para reposição Preço efetivo a partir de
  Classificação AGRIS     Espaço Ceres - QVT/MAPA Espaço Ceres - QVT/MAPA   E11 BS2023000520 2023-437011 05/12/2023 Livros                

BINAGRI

Telefone: (61)3218-2567/2388/3357/2097 - binagri@agro.gov.br

Ministério da Agricultura e Pecuária , Esplanada dos Ministérios, Bloco D, Anexo B, Brasília/DF, CEP: 70.043-900